000 01208 a2200229 4500
001 55362
005 20260407155827.0
008 260407a1974 arg spa d
003 AR-UNSa-BCEJYS
040 _aAR-UNSa-BCEJYS
_bspa
_cAR-UNSa-BCEJYS
080 _a338.1(8)
_xSituación económica. Ciclos. Desarrollo de la estructura económica en América del sur. Estados y regiones de América del sur. América latina. Iberoamérica
245 1 0 _aDependencia y desarrollo en América Latina
_pensayo de interpretaciòn sociológica
250 _a3a. ed.
264 1 _aBuenos Aires :
_bSiglo XXI Editores
_c1974
300 _a166 p.
_c18 cm.
505 _a1. Introducción - 2. Análisis integrado del desarrollo - 3. Las situaciones fundamentales en el período de "Expansión hacia afuera" - 4. Desarrollo y camino social en el momento de transición - 5. Nacionalismo y populismo: fuerzas sociales y política desarrollista en la fase de consolidación del mercado interno - 6. La internacionalización del mercado: el nuevo carácter de la dependencia
041 _aspa
942 _cBK
590 _aniveau_biblio:m niveau_hierar:0
100 1 _aCardoso, Fernando Henrique
700 1 _aFaletto, Enzo
999 _c5924
_d5924